[Event "26. Open Cappelle la Grande 2010"]
[Site "Cappelle la Grande FRA"]
[Date "2010.02.16"]
[Round "5.6"]
[White "Kazhgaleyev, Murtas"]
[Black "Bhat, Vinay S"]
[Result "1-0"]
[WhiteElo "2643"]
[BlackElo "2540"]
[PlyCount "53"]
[EventDate "2010.02.13"]
[EventType "swiss"]
[EventRounds "9"]
[EventCountry "FRA"]
[Source "lmi"]
[SourceDate "2010.02.13"]

1. d4 d5 2. c4 c6 3. Nc3 Nf6 4. e3 e6 5. Nf3 Nbd7 6. Bd3 dxc4 7. Bxc4 b5 8. Bd3
Bd6 9. O-O O-O 10. Qc2 Bb7 11. a3 a6 12. b4 a5 13. Rb1 axb4 14. axb4 Qe7 15. e4
e5 16. Ne2 Bxb4 17. Ng3 exd4 18. e5 Nxe5 19. Nxe5 c5 20. Rxb4 cxb4 21. Nc6 Qd7
22. Nxb4 Rac8 23. Qd2 g6 24. Bf5 Qd6 25. Bxc8 Rxc8 26. Qf4 Qd8 27. Qg5 1-0

[Event "26. Open Cappelle la Grande 2010"]
[Site "Cappelle la Grande FRA"]
[Date "2010.02.17"]
[Round "6.5"]
[White "Abergel, Thal"]
[Black "Edouard, Romain"]
[Result "1/2-1/2"]
[WhiteElo "2538"]
[BlackElo "2608"]
[PlyCount "101"]
[EventDate "2010.02.13"]
[EventType "swiss"]
[EventRounds "9"]
[EventCountry "FRA"]
[Source "lmi"]
[SourceDate "2010.02.13"]

1. e4 c6 2. Ne2 d5 3. e5 d4 4. b4 f6 5. f4 fxe5 6. fxe5 Qd5 7. Bb2 c5 8. bxc5
Nc6 9. d3 Qxe5 10. c3 Qxc5 11. cxd4 Qb6 12. Bc3 Nf6 13. Na3 Nd5 14. Nc4 Qd8 15.
Qd2 Nxc3 16. Nxc3 e6 17. Be2 Qxd4 18. Rb1 Bc5 19. Rf1 Rf8 20. Nb5 Qd8 21. Bh5+
g6 22. Rxf8+ Bxf8 23. Bf3 a6 24. Bxc6+ bxc6 25. Nc3 Qd4 26. Ke2 e5 27. Ne4 Bg4+
28. Kf1 Be6 29. Qc2 Bxc4 30. dxc4 O-O-O 31. Qb3 Qd3+ 32. Kf2 Qxb3 33. axb3 Rd3
34. Ke2 Rd4 35. Nd2 Bh6 36. Nf3 Re4+ 37. Kf2 Kc7 38. Rd1 Be3+ 39. Kf1 Bd4 40.
Re1 Rf4 41. Ke2 Bc3 42. Rd1 c5 43. Rd5 Kb6 44. Ke3 Rf8 45. Kd3 Bd4 46. Nxe5
Bxe5 47. Rxe5 Rf2 48. Re7 Rxg2 49. Rxh7 Ka5 50. Kc3 Rg4 51. Rh6 1/2-1/2

[Event "26. Open Cappelle la Grande 2010"]
[Site "Cappelle la Grande FRA"]
[Date "2010.02.17"]
[Round "6.20"]
[White "Balogh, Csaba"]
[Black "Tikkanen, Hans"]
[Result "1-0"]
[WhiteElo "2619"]
[BlackElo "2457"]
[PlyCount "97"]
[EventDate "2010.02.13"]
[EventType "swiss"]
[EventRounds "9"]
[EventCountry "FRA"]
[Source "lmi"]
[SourceDate "2010.02.13"]

1. e4 e5 2. Nf3 Nc6 3. Bb5 Nf6 4. O-O Nxe4 5. d4 Nd6 6. Bxc6 dxc6 7. dxe5 Nf5
8. Qxd8+ Kxd8 9. Nc3 Ne7 10. Ne4 h6 11. b3 Ng6 12. Bb2 Ke8 13. Rad1 Bg4 14. h3
Bxf3 15. gxf3 Nf4 16. Kh2 Be7 17. Bc1 Ne6 18. f4 g6 19. Ng3 h5 20. f5 h4 21.
fxe6 hxg3+ 22. fxg3 fxe6 23. Kg2 Rh5 24. Bf4 Rd8 25. Rxd8+ Bxd8 26. h4 c5 27.
Kf3 Be7 28. Ke4 b6 29. a4 a5 30. Rf3 Bd8 31. Kd3 Kd7 32. Bd2 Ke8 33. Bc3 Rf5
34. Ke4 Rh5 35. Be1 Rh7 36. Bf2 Be7 37. Kf4 Rf7+ 38. Kg4 Rf5 39. Rxf5 exf5+ 40.
Kf4 Kf7 41. g4 Ke6 42. gxf5+ gxf5 43. h5 Bf8 44. Bg3 c4 45. bxc4 Bh6+ 46. Kf3
c5 47. Bf4 Bf8 48. h6 Kf7 49. Bg5 1-0

[Event "26. Open Cappelle la Grande 2010"]
[Site "Cappelle la Grande FRA"]
[Date "2010.02.18"]
[Round "7.17"]
[White "Vera Gonzalez-Quevedo, Reynaldo"]
[Black "Bhat, Vinay S"]
[Result "1/2-1/2"]
[WhiteElo "2499"]
[BlackElo "2540"]
[PlyCount "96"]
[EventDate "2010.02.13"]
[EventType "swiss"]
[EventRounds "9"]
[EventCountry "FRA"]
[Source "lmi"]
[SourceDate "2010.02.13"]

1. d4 d5 2. c4 e6 3. Nf3 c6 4. e3 Nf6 5. b3 Nbd7 6. Bb2 Ne4 7. Bd3 Bb4+ 8. Nfd2
f5 9. O-O O-O 10. f3 Nef6 11. Qe2 Re8 12. a3 Bd6 13. c5 Bc7 14. b4 g5 15. Nb3
f4 16. exf4 gxf4 17. Qc2 Nf8 18. N1d2 Nh5 19. Rfe1 Qg5 20. Nf1 Bd7 21. a4 Re7
22. b5 Ng6 23. bxc6 bxc6 24. Bxg6 hxg6 25. Nc1 e5 26. dxe5 Ng7 27. Nd3 Bf5 28.
Re2 Ne6 29. Kh1 Rb8 30. Qc3 Ba5 31. Qxa5 Bxd3 32. Rd2 Bxf1 33. Rxf1 Rh7 34. Qa6
Rc7 35. Rc1 Kf7 36. Bd4 Nxd4 37. Rxd4 Rb2 38. Qf1 Re7 39. Rcd1 Rxe5 40. R4d2
Rxd2 41. Rxd2 Qe7 42. Rd1 Qxc5 43. h3 Qe7 44. Qa6 c5 45. Kh2 Kg7 46. Rb1 Re6
47. Qc8 Rb6 48. Rd1 Rb2 1/2-1/2